000 00619nam a2200241Ia 4500
003 OSt
005 20220924151923.0
006 a|||||r|||| 00| 0
007 ta
008 220923b |||||||| |||| 00| 0 mar d
020 _c45
024 _a339948
037 _cTextual
040 _aARTS
_cARTS
_bmar
041 _2mar
_amar
082 _aO155:g(Y31), N2
100 _aBorade R.R.
_9225295
245 0 _aGrameen sahitya
_b chalval aani nirmiti
260 _c1992
650 _aMARATHI LITERATURE
_938000
942 _hO155:g(Y31), N2
_cTEXL
_2CC
999 _c468080
_d468080